[Event "SR 1. liga zapad 2015/2016"]
[Site "?"]
[Date "2016.02.21"]
[Round "9.4"]
[White "Janko, Ladislav"]
[Black "Mikulas, Dusan"]
[Result "1-0"]
[WhiteElo "2158"]
[BlackElo "2060"]
[PlyCount "117"]
[EventDate "2015.??.??"]

1. e4 e5 2. Nf3 Nc6 3. Bb5 g6 4. d4 Bg7 5. d5 Nd4 6. Nxd4 exd4 7. O-O c6 8. Bc4
d6 9. c3 dxc3 10. Nxc3 Ne7 11. Bf4 cxd5 12. Bxd5 O-O 13. Bxd6 Re8 14. Bxe7 Qxe7
15. Qb3 Bd7 16. Rad1 Bc6 17. Rfe1 Rac8 18. Bxc6 bxc6 19. Qc4 h5 20. Na4 Rc7 21.
b3 h4 22. h3 Be5 23. Nc5 Rd8 24. Rxd8+ Qxd8 25. Nd3 Bd4 26. e5 Kg7 27. e6 Re7
28. exf7 Rxf7 29. Re4 c5 30. Nf4 Bxf2+ 31. Kxf2 g5 32. Qxc5 Rxf4+ 33. Ke3 Rf7
34. Qd4+ Qxd4+ 35. Rxd4 Kg6 36. b4 Rc7 37. Rd2 Rc4 38. Rb2 Kf5 39. a4 Ke5 40.
a5 Rc3+ 41. Kd2 Ra3 42. Ke2 Kf4 43. Rd2 Rb3 44. Rd4+ Ke5 45. Rg4 Kf5 46. Kd2 a6
47. Kc2 Ra3 48. Kb2 Re3 49. Rc4 Re2+ 50. Rc2 Re6 51. Rf2+ Kg6 52. Kb3 g4 53.
hxg4 Kg5 54. b5 axb5 55. Ra2 Kxg4 56. a6 Re8 57. Kb4 Kg3 58. Kxb5 Rb8+ 59. Kc6
1-0

[Event "SR 1. liga zapad 2015/2016"]
[Site "?"]
[Date "2016.02.21"]
[Round "9.4"]
[White "Sulek, Viliam"]
[Black "Balogh, Peter"]
[Result "1/2-1/2"]
[WhiteElo "2067"]
[BlackElo "2166"]
[PlyCount "87"]
[EventDate "2015.??.??"]

1. e4 e5 2. Nf3 Nc6 3. Bb5 a6 4. Ba4 Nge7 5. O-O g6 6. c3 Bg7 7. d4 exd4 8.
cxd4 b5 9. Bb3 d6 10. Re1 O-O 11. d5 Na5 12. Nbd2 Nxb3 13. Nxb3 Bg4 14. h3 Bxf3
15. Qxf3 Qd7 16. Rb1 f5 17. Bg5 Rae8 18. Bxe7 Rxe7 19. Qd3 fxe4 20. Rxe4 Qf5
21. f3 Rxe4 22. Qxe4 Qxe4 23. fxe4 Re8 24. Rc1 Re7 25. Rc6 Bxb2 26. Rxa6 Rxe4
27. Ra8+ Kg7 28. Rc8 Rc4 29. Kf2 Kf6 30. Na5 Ra4 31. Nc6 Rxa2 32. Rxc7 Bc3+ 33.
Kf3 b4 34. Rb7 Rd2 35. Rb5 h5 36. h4 g5 37. hxg5+ Kxg5 38. Nd8 Kf6 39. Nc6 Rb2
40. Na5 Be1 41. Nc4 Rf2+ 42. Ke3 Rxg2 43. Nxd6 h4 44. Ne4+ 1/2-1/2

[Event "SR 1. liga zapad 2015/2016"]
[Site "?"]
[Date "2016.02.21"]
[Round "9.4"]
[White "Kosar, Mikulas Ml"]
[Black "Sturc, Jan"]
[Result "1-0"]
[WhiteElo "1803"]
[BlackElo "2058"]
[PlyCount "61"]
[EventDate "2015.??.??"]

1. d4 d5 2. Nf3 Nf6 3. Bf4 c6 4. e3 Bf5 5. Be2 Nbd7 6. Nbd2 h6 7. Ne5 Nxe5 8.
Bxe5 Nd7 9. Bf4 g5 10. Bg3 Bg7 11. h4 Qb6 12. Nb3 a5 13. a4 Rd8 14. hxg5 hxg5
15. Rxh8+ Bxh8 16. Bd3 Bxd3 17. Qxd3 Qb4+ 18. Nd2 e5 19. Qh7 Ke7 20. Qf5 exd4
21. exd4 Qxd4 22. Qxg5+ Bf6 23. Qf5 Rh8 24. c3 Qb6 25. O-O-O Kd8 26. Nc4 Qc5
27. Nd6 Ke7 28. Re1+ Kf8 29. Qxd7 Rh7 30. Re8+ Kg7 31. Qxf7+ 1-0

[Event "SR 1. liga zapad 2015/2016"]
[Site "?"]
[Date "2016.02.21"]
[Round "9.4"]
[White "Zetocha, Adrian"]
[Black "Meszaros, Nikolas"]
[Result "1/2-1/2"]
[WhiteElo "1791"]
[BlackElo "1764"]
[PlyCount "107"]
[EventDate "2015.??.??"]

1. d4 d5 2. Nf3 Nf6 3. c4 c6 4. Nc3 Bf5 5. e3 Nbd7 6. Be2 e6 7. O-O dxc4 8.
Bxc4 Nb6 9. Be2 Bd6 10. Bd2 Qc7 11. Rc1 O-O 12. Nb5 Qe7 13. Nxd6 Qxd6 14. Qb3
Qd5 15. Qa3 Be4 16. Bb4 Rfe8 17. Rfd1 Nbd7 18. Qa5 Qxa5 19. Bxa5 Nd5 20. g3 f6
21. Nd2 Bg6 22. e4 Ne7 23. Bc4 Bf7 24. Nf3 Ng6 25. Re1 e5 26. Bxf7+ Kxf7 27.
Rcd1 exd4 28. Nxd4 Nge5 29. f4 Nc4 30. Nxc6 Nc5 31. Nd8+ Kg8 32. Rd5 Nxa5 33.
Rxc5 b6 34. Rc7 Rexd8 35. b4 Rd2 36. bxa5 bxa5 37. a4 Rd4 38. e5 fxe5 39. fxe5
Re8 40. Rf1 h6 41. Rff7 Rg4 42. Rxa7 Rxe5 43. Rf4 Rxf4 44. gxf4 Rf5 45. Kg2 g5
46. fxg5 hxg5 47. Rb7 Kf8 48. Ra7 Ke8 49. Kg3 Kd8 50. Kg2 Kc8 51. Kg3 Kb8 52.
Rg7 Rf4 53. Rxg5 Rxa4 54. Kf3 1/2-1/2

[Event "SR 1. liga zapad 2015/2016"]
[Site "?"]
[Date "2016.02.21"]
[Round "9.5"]
[White "Schwarz, Dusan"]
[Black "Motuz, Karol"]
[Result "1/2-1/2"]
[WhiteElo "2264"]
[BlackElo "2295"]
[PlyCount "78"]
[EventDate "2015.??.??"]

1. c4 c6 2. d4 d5 3. Nf3 Nf6 4. Nc3 e6 5. Bg5 h6 6. Bxf6 Qxf6 7. e3 Nd7 8. Bd3
dxc4 9. Bxc4 Bd6 10. O-O Qe7 11. Ne4 O-O 12. Nxd6 Qxd6 13. Rc1 b6 14. Qe2 Bb7
15. Rfd1 Rac8 16. e4 Rfd8 17. Ba6 Qb8 18. b4 Nf6 19. Bxb7 Qxb7 20. e5 Nd5 21.
a3 Ra8 22. Qc4 a5 23. Qxc6 Qxc6 24. Rxc6 axb4 25. axb4 Ra2 26. Rb1 Rda8 27. Kf1
g5 28. Rcc1 R8a4 29. Ne1 Nxb4 30. Rc4 Nd5 31. Rxa4 Rxa4 32. Nc2 Kg7 33. Ne3
Rxd4 34. Nxd5 exd5 35. f3 g4 36. Rxb6 gxf3 37. gxf3 Rf4 38. Kg2 Rf5 39. e6 fxe6
1/2-1/2

[Event "SR 1. liga zapad 2015/2016"]
[Site "?"]
[Date "2016.02.21"]
[Round "9.5"]
[White "Straka, Jozef Ml"]
[Black "Vrbova, Niki"]
[Result "0-1"]
[WhiteElo "2290"]
[BlackElo "2150"]
[PlyCount "82"]
[EventDate "2015.??.??"]

1. d4 d5 2. Nf3 Nf6 3. Bg5 h6 4. Bxf6 exf6 5. e3 Be6 6. Bd3 Bd6 7. Nbd2 O-O 8.
O-O c6 9. e4 Nd7 10. exd5 cxd5 11. c4 dxc4 12. Nxc4 Nb6 13. Ne3 Nd5 14. Be4 Bf4
15. Nxd5 Bxd5 16. Bxd5 Qxd5 17. Qb3 Qxb3 18. axb3 Rfd8 19. Rfd1 Rd5 20. Kf1 a6
21. Rd3 Bc7 22. Rc1 Bb6 23. Rc4 Rad8 24. Rb4 R8d6 25. Rc4 g5 26. h3 Kg7 27. Ke2
h5 28. Ke3 Re6+ 29. Kd2 g4 30. hxg4 hxg4 31. Nh2 Ba5+ 32. Kc1 Re1+ 33. Rd1 b5
34. Rc6 Rxd4 35. Rxe1 Bxe1 36. f3 f5 37. fxg4 fxg4 38. Rxa6 Rf4 39. Rb6 Bg3 40.
Nxg4 Rxg4 41. Rxb5 Bf4+ 0-1

[Event "SR 1. liga zapad 2015/2016"]
[Site "?"]
[Date "2016.02.21"]
[Round "9.5"]
[White "Lecky, Juraj"]
[Black "Jakubek, Peter"]
[Result "0-1"]
[WhiteElo "2067"]
[BlackElo "2207"]
[PlyCount "54"]
[EventDate "2015.??.??"]

1. e4 c6 2. d4 d5 3. f3 g6 4. Nc3 Bg7 5. Be3 Qb6 6. Qd2 e6 7. O-O-O Nd7 8. Kb1
a5 9. Nge2 a4 10. g4 Qa5 11. h4 b5 12. b3 Nb6 13. exd5 cxd5 14. Nf4 b4 15. Nb5
Kd8 16. Nd6 Nh6 17. g5 Nf5 18. Nxf7+ Ke7 19. Nxh8 axb3 20. cxb3 Nxe3 21. Nhxg6+
hxg6 22. Re1 Bxd4 23. Rxe3 Bxe3 24. Nxg6+ Kd8 25. Qb2 d4 26. Bd3 Nd5 27. Ne5
Qc7 0-1

[Event "SR 1. liga zapad 2015/2016"]
[Site "?"]
[Date "2016.02.21"]
[Round "9.5"]
[White "Obona, Jan"]
[Black "Bednar, Jan"]
[Result "1-0"]
[WhiteElo "2225"]
[BlackElo "2107"]
[PlyCount "81"]
[EventDate "2015.??.??"]

1. Nf3 d5 2. c4 e6 3. g3 Nf6 4. Bg2 Be7 5. O-O O-O 6. b3 c5 7. Bb2 Nc6 8. e3 b6
9. d3 Bb7 10. Qe2 Rc8 11. Na3 Rc7 12. Rfd1 Qa8 13. cxd5 Nxd5 14. Nc4 Rd8 15.
Rac1 b5 16. Nce5 Nxe5 17. Bxe5 Rcd7 18. a3 f6 19. Bb2 e5 20. Nh4 Rc7 21. d4
exd4 22. exd4 a6 23. dxc5 Bxc5 24. b4 Bb6 25. Qe6+ Rf7 26. Bxd5 Rxd5 27. Rxd5
Bxd5 28. Rc8+ Qxc8 29. Qxc8+ Rf8 30. Qf5 Rd8 31. Ng2 Bc4 32. Qg4 Bxf2+ 33. Kxf2
Rd2+ 34. Ke3 Rxb2 35. Qc8+ Kf7 36. Qd7+ Kf8 37. Nf4 Rb3+ 38. Kd4 Rxa3 39. Ne6+
Bxe6 40. Qxe6 Ra1 41. Kc5 1-0

[Event "SR 1. liga zapad 2015/2016"]
[Site "?"]
[Date "2016.02.21"]
[Round "9.5"]
[White "Chovanec, Milan"]
[Black "Krajnak, Robert"]
[Result "1/2-1/2"]
[WhiteElo "2140"]
[BlackElo "2118"]
[PlyCount "114"]
[EventDate "2015.??.??"]

1. e4 c5 2. Nc3 Nc6 3. f4 e6 4. Nf3 d6 5. Bb5 Nge7 6. O-O a6 7. Bxc6+ Nxc6 8.
d3 Be7 9. Qe1 O-O 10. Bd2 b5 11. g4 b4 12. Nd1 a5 13. f5 d5 14. exd5 exd5 15.
Qg3 Re8 16. Nf2 Bf6 17. Rab1 Nd4 18. Nxd4 Bxd4 19. Rfe1 Rxe1+ 20. Bxe1 Bb7 21.
Bd2 Qb6 22. Kf1 c4 23. b3 Qc6 24. Re1 Ba6 25. Be3 Bc3 26. Re2 cxb3 27. axb3 a4
28. bxa4 Qxa4 29. Qf4 Re8 30. Bd2 Qa1+ 31. Kg2 Rf8 32. Bxc3 Qxc3 33. Qe5 Qc6
34. Kg3 h6 35. h4 Bb5 36. Nh3 b3 37. cxb3 Bxd3 38. Re3 Be4 39. Rc3 Qa8 40. Nf2
d4 41. Qxd4 Qb8+ 42. Kh3 Ba8 43. f6 Qb7 44. Rg3 g6 45. Qe3 Qa6 46. Ne4 Rc8 47.
Rg1 Bxe4 48. Qxe4 Qxf6 49. Rg3 Rc1 50. Rf3 Qd8 51. Qf4 Rc7 52. Qxh6 Qd1 53. Qf4
Qh1+ 54. Kg3 Qg1+ 55. Kh3 Qh1+ 56. Kg3 Qe1+ 57. Kh3 Qh1+ 1/2-1/2

[Event "SR 1. liga zapad 2015/2016"]
[Site "?"]
[Date "2016.02.21"]
[Round "9.5"]
[White "Nemsak, Denis"]
[Black "Kvassay, Peter"]
[Result "0-1"]
[WhiteElo "2105"]
[BlackElo "2027"]
[PlyCount "170"]
[EventDate "2015.??.??"]

1. c4 c6 2. e4 d5 3. exd5 cxd5 4. cxd5 Nf6 5. Bb5+ Bd7 6. Bc4 Qc7 7. Bb3 Na6 8.
d4 Nb4 9. Nc3 Qd6 10. Nge2 Nbxd5 11. O-O e6 12. Nxd5 Nxd5 13. Nc3 Be7 14. Nxd5
exd5 15. Qf3 Be6 16. Bf4 Qd7 17. Rac1 Bd8 18. Rc3 O-O 19. Qh5 Bb6 20. Bc2 g6
21. Qe5 f6 22. Qe3 Rfe8 23. Qg3 Rac8 24. Rd1 Bf5 25. Bb3 Kg7 26. h4 Rxc3 27.
bxc3 Bg4 28. f3 Bf5 29. Re1 Rxe1+ 30. Qxe1 Be6 31. Qc1 Kf7 32. Qa3 Kg7 33. Ba4
Qd8 34. Qc1 Kf7 35. h5 gxh5 36. Qe1 Bc7 37. Qh4 Bxf4 38. Qxf4 Kg7 39. Qg3+ Kh6
40. Bc2 Qc8 41. Qh4 Qd8 42. g4 Bf7 43. gxh5 Qg8+ 44. Kf2 Qg5 45. Qxg5+ fxg5 46.
f4 gxf4 47. Kf3 Kg5 48. Bxh7 Bxh5+ 49. Kf2 Bg6 50. Bg8 Be4 51. c4 dxc4 52. Bxc4
Kf6 53. Ke2 Ke7 54. a3 Kd6 55. Kd2 Kc6 56. Kc3 Kb6 57. Bf1 Kc6 58. Kc4 b5+ 59.
Kb4 a6 60. a4 bxa4 61. Bxa6 Bc2 62. Kc3 Bd1 63. Kd2 Bf3 64. Kc3 Bd1 65. Kd2 Bb3
66. Be2 a3 67. Kc3 a2 68. Kb2 Bd5 69. Bd1 Kb5 70. Bh5 Kc6 71. Be2 Kd6 72. Bg4
Ke7 73. Bh5 Kf6 74. Bg4 Kg5 75. Be2 Kh4 76. Bd1 Kg3 77. Bh5 Kf2 78. Bg4 Ke3 79.
Bh5 Kxd4 80. Bg4 Ke3 81. Bh5 Bc4 82. Bg4 Be2 83. Bh3 f3 84. Kxa2 Kf4 85. Kb2
Kg3 0-1

[Event "SR 1. liga zapad 2015/2016"]
[Site "?"]
[Date "2016.02.21"]
[Round "9.5"]
[White "Capak, Stefan"]
[Black "Orosi, Peter"]
[Result "0-1"]
[WhiteElo "1992"]
[BlackElo "2060"]
[PlyCount "98"]
[EventDate "2015.??.??"]

1. d4 d5 2. Nf3 Nf6 3. c4 c6 4. e3 Bf5 5. Bd3 e6 6. O-O Bd6 7. Qc2 Bxd3 8. Qxd3
Ne4 9. Nbd2 f5 10. b3 Nd7 11. Bb2 Qf6 12. Rfd1 g5 13. Ne5 Nxe5 14. dxe5 Bxe5
15. Bxe5 Qxe5 16. f3 Nxd2 17. Qxd2 O-O-O 18. c5 f4 19. Re1 fxe3 20. Qxe3 Qxe3+
21. Rxe3 Kd7 22. Rae1 Rde8 23. Kf2 Rhf8 24. Re5 h6 25. Kg3 Rf4 26. Kf2 b6 27.
cxb6 axb6 28. R5e3 b5 29. Rd3 c5 30. g3 Rf5 31. g4 Rf4 32. Kg3 Kd6 33. h4 c4
34. bxc4 bxc4 35. Ra3 Ref8 36. Ra6+ Kc5 37. Rexe6 Rxf3+ 38. Kg2 Rf2+ 39. Kg1
R2f4 40. hxg5 Rxg4+ 41. Kh2 hxg5 42. Kh3 Rg1 43. Kh2 Ra1 44. Re5 Kd4 45. Rxg5
Rf2+ 46. Kg3 Raxa2 47. Rxa2 Rxa2 48. Kf3 c3 49. Rg1 c2 0-1

[Event "SR 1. liga zapad 2015/2016"]
[Site "?"]
[Date "2016.02.21"]
[Round "9.6"]
[White "Maslik, Miroslav"]
[Black "Veres, Andrej"]
[Result "1-0"]
[WhiteElo "2339"]
[BlackElo "2188"]
[PlyCount "87"]
[EventDate "2015.??.??"]

1. d4 Nf6 2. c4 e6 3. Nf3 b6 4. g3 Bb7 5. Bg2 Be7 6. Nc3 O-O 7. O-O d5 8. cxd5
exd5 9. Ne5 Na6 10. Qa4 Qe8 11. Qxe8 Rfxe8 12. Bf4 Ne4 13. Rfd1 Bf8 14. Rac1 f6
15. Nc6 Bxc6 16. Nxe4 Ba4 17. Nc3 Bxd1 18. Bxd5+ Kh8 19. Bxa8 Rxa8 20. Rxd1 c6
21. e4 Bb4 22. g4 Rd8 23. Ne2 Bd6 24. Bxd6 Rxd6 25. Rc1 Kg8 26. a4 Kf7 27. f3
Ke7 28. Kf2 Kd7 29. Ke3 Nc7 30. h4 g6 31. g5 f5 32. Nf4 Ne6 33. e5 Nxf4 34.
exd6 Nd5+ 35. Kd2 Kxd6 36. Re1 Ne7 37. h5 c5 38. dxc5+ bxc5 39. hxg6 hxg6 40.
Kd3 Nc6 41. f4 Nd4 42. Kc4 Nc2 43. Re2 Nd4 44. Rd2 1-0

[Event "SR 1. liga zapad 2015/2016"]
[Site "?"]
[Date "2016.02.21"]
[Round "9.6"]
[White "Borik, Juraj"]
[Black "Sahidi, Samir"]
[Result "1-0"]
[WhiteElo "2157"]
[BlackElo "2242"]
[PlyCount "91"]
[EventDate "2015.??.??"]

1. d4 f5 2. e4 fxe4 3. Nc3 Nf6 4. Bg5 g6 5. f3 e3 6. Qd3 Nc6 7. Qxe3 Bg7 8.
O-O-O d6 9. g4 O-O 10. h3 Qe8 11. Bc4+ Kh8 12. Bh6 e5 13. Bxg7+ Kxg7 14. d5 Nd8
15. Nge2 a6 16. Ng3 Nf7 17. h4 Ng8 18. h5 Ngh6 19. hxg6 hxg6 20. Nce4 Rh8 21.
Rdg1 Qe7 22. Bd3 Bd7 23. Kb1 a5 24. c4 b6 25. Bc2 Rag8 26. Qd2 Rf8 27. Nh5+
gxh5 28. gxh5+ Ng4 29. fxg4 Rfg8 30. g5 Bf5 31. Nf6 e4 32. Nxg8 Rxg8 33. Qf4
Qe5 34. Rf1 e3 35. Qxf5 Qxf5 36. Rxf5 Ne5 37. b3 a4 38. Re1 axb3 39. axb3 b5
40. Rxe3 bxc4 41. bxc4 c6 42. h6+ Kh8 43. Rfxe5 dxe5 44. Rxe5 cxd5 45. cxd5
Rxg5 46. Re8+ 1-0

[Event "SR 1. liga zapad 2015/2016"]
[Site "?"]
[Date "2016.02.21"]
[Round "9.6"]
[White "Slacky, Stanislav"]
[Black "Prasek, Ivan"]
[Result "1-0"]
[WhiteElo "2171"]
[BlackElo "2018"]
[PlyCount "57"]
[EventDate "2015.??.??"]

1. d4 Nf6 2. c4 g6 3. Nf3 Bg7 4. g3 O-O 5. Bg2 d6 6. Nc3 Nc6 7. O-O a6 8. h3
Rb8 9. a4 Na5 10. b3 c5 11. dxc5 dxc5 12. Qxd8 Rxd8 13. Bf4 Ra8 14. Bc7 Nxb3
15. Bxd8 Nxa1 16. Rxa1 Ne4 17. Nxe4 Bxa1 18. Bxe7 b5 19. Nfd2 bxa4 20. Bf6 Bf5
21. Bxa1 Rd8 22. Nf6+ Kf8 23. Bd5 Bc2 24. Nxh7+ Kg8 25. Nf6+ Kf8 26. Bb2 Kg7
27. Nd7+ Kh6 28. Nxc5 Rc8 29. Nb7 1-0

[Event "SR 1. liga zapad 2015/2016"]
[Site "?"]
[Date "2016.02.21"]
[Round "9.6"]
[White "Pupak, Tomas"]
[Black "Dujava, Daniel"]
[Result "1/2-1/2"]
[WhiteElo "2040"]
[BlackElo "2135"]
[PlyCount "42"]
[EventDate "2015.??.??"]

1. d4 Nf6 2. Nf3 e6 3. e3 b6 4. Bd3 Bb7 5. O-O c5 6. c4 Be7 7. Nc3 O-O 8. d5
exd5 9. cxd5 d6 10. e4 Nfd7 11. Bf4 f6 12. Bg3 Na6 13. a3 Nc7 14. Qe2 Re8 15.
a4 Bf8 16. Nd2 Ne5 17. Bc2 Ba6 18. Nb5 Qd7 19. f4 Nf7 20. e5 fxe5 21. Qh5 g6
1/2-1/2

[Event "SR 1. liga zapad 2015/2016"]
[Site "?"]
[Date "2016.02.21"]
[Round "9.6"]
[White "Pytlik, Pavol"]
[Black "Podoba, Milan"]
[Result "1/2-1/2"]
[WhiteElo "2089"]
[BlackElo "2057"]
[PlyCount "28"]
[EventDate "2015.??.??"]

1. e4 e5 2. Nc3 Nf6 3. g3 d5 4. exd5 Nxd5 5. Bg2 Nxc3 6. bxc3 Nc6 7. Rb1 Bc5 8.
Ne2 O-O 9. O-O Qd6 10. Kh1 Be6 11. d4 exd4 12. Bf4 Qd7 13. cxd4 Nxd4 14. Nxd4
Qxd4 1/2-1/2

[Event "SR 1. liga zapad 2015/2016"]
[Site "?"]
[Date "2016.02.21"]
[Round "9.6"]
[White "Sukuba, Zdeno"]
[Black "Prochazka, Jaromir"]
[Result "1/2-1/2"]
[WhiteElo "2133"]
[BlackElo "1937"]
[PlyCount "41"]
[EventDate "2015.??.??"]

1. c4 e5 2. Nc3 Nf6 3. g3 d5 4. cxd5 Nxd5 5. Bg2 c6 6. d3 Bb4 7. Bd2 Qd6 8. Nf3
O-O 9. O-O Na6 10. Ne4 Qe7 11. a3 Bxd2 12. Nfxd2 f5 13. Nc3 Be6 14. Rc1 Rad8
15. Qc2 Rf6 16. b4 Nac7 17. Nc4 Bf7 18. Na5 Nxc3 19. Qxc3 Nb5 20. Qc5 Qxc5 21.
bxc5 1/2-1/2

[Event "SR 1. liga zapad 2015/2016"]
[Site "?"]
[Date "2016.02.21"]
[Round "9.6"]
[White "Stecko, Ivan"]
[Black "Bombek, Peter"]
[Result "0-1"]
[WhiteElo "1835"]
[BlackElo "2201"]
[Annotator "rastík"]
[PlyCount "66"]
[EventDate "2015.??.??"]

1. c4 e6 2. Nc3 d5 3. cxd5 exd5 4. d4 c6 5. Nf3 Bd6 6. g3 Nf6 7. Bg2 O-O 8. O-O
Re8 9. Re1 Bg4 10. Nd2 Nbd7 11. Qb3 Qb6 12. Qxb6 axb6 13. f3 Be6 14. e4 dxe4
15. Ndxe4 Be7 16. a3 b5 17. Bg5 h6 18. Bxf6 Nxf6 19. Nc5 Bxc5 20. dxc5 Kf8 21.
Kf2 Nd7 22. Ne4 Bd5 23. b4 Bxe4 24. Rxe4 Rxe4 25. fxe4 Ne5 26. Bf3 Nd3+ 27. Ke3
Nxb4 28. Bd1 Ke7 29. Bb3 Na6 30. Rc1 Nc7 31. Ra1 Ne6 32. Bxe6 Kxe6 33. Kd4 Ra4+
0-1

[Event "SR 1. liga zapad 2015/2016"]
[Site "?"]
[Date "2016.02.21"]
[Round "9.6"]
[White "Orgon, Dusan"]
[Black "Cebo, Vladimir"]
[Result "1-0"]
[WhiteElo "2048"]
[BlackElo "1703"]
[PlyCount "61"]
[EventDate "2015.??.??"]

1. d4 d5 2. Bg5 Nd7 3. Nf3 Ngf6 4. e3 e6 5. c4 c6 6. Nc3 Be7 7. Bd3 O-O 8. O-O
b6 9. Rc1 Bb7 10. Qe2 Re8 11. Rfd1 c5 12. Bf4 a6 13. a4 cxd4 14. exd4 Bb4 15.
Ne5 dxc4 16. Bxc4 Nd5 17. Bg3 N7f6 18. Bd3 Ne7 19. Bh4 Nf5 20. Bxf5 exf5 21.
Qc4 Bxc3 22. Qxf7+ Kh8 23. Qxb7 Kg8 24. Qf7+ Kh8 25. Qb3 Qd5 26. Rxc3 Rxe5 27.
dxe5 Qxe5 28. Bxf6 gxf6 29. Qd5 Qxd5 30. Rxd5 Re8 31. Kf1 1-0

[Event "SR 1. liga zapad 2015/2016"]
[Site "?"]
[Date "2016.03.19"]
[Round "10.1"]
[White "Certek, Pavel"]
[Black "Veres, Andrej"]
[Result "1/2-1/2"]
[WhiteElo "2286"]
[BlackElo "2186"]
[PlyCount "62"]
[EventDate "2015.??.??"]

1. Nf3 Nf6 2. d4 e6 3. e3 b6 4. Bd3 Bb7 5. O-O Be7 6. c4 O-O 7. Nc3 d5 8. b3 c5
9. Bb2 cxd4 10. exd4 Nbd7 11. Qe2 Qc7 12. Rac1 Qf4 13. Ne5 dxc4 14. Bxc4 Nxe5
15. dxe5 Ng4 16. g3 Qg5 17. Ne4 Qh5 18. f3 Bxe4 19. fxe4 Qg5 20. Rf4 Nxe5 21.
Kh1 Bf6 22. Rcf1 Rad8 23. Ba3 Ng6 24. Bxf8 Kxf8 25. R4f2 Ne5 26. Rd1 Rc8 27.
Ba6 Re8 28. Bb5 Rc8 29. Bd7 Rd8 30. Bb5 Rc8 31. Ba6 Re8 1/2-1/2

[Event "SR 1. liga zapad 2015/2016"]
[Site "?"]
[Date "2016.03.19"]
[Round "10.1"]
[White "Borik, Juraj"]
[Black "Havlicek, Libor Ml"]
[Result "0-1"]
[WhiteElo "2169"]
[BlackElo "2274"]
[PlyCount "94"]
[EventDate "2015.??.??"]

1. e4 c5 2. b3 d5 3. exd5 Qxd5 4. Nc3 Qd8 5. Bb2 Nf6 6. Nf3 e6 7. Bb5+ Bd7 8.
Qe2 Be7 9. O-O-O O-O 10. Ne5 Bxb5 11. Qxb5 Nbd7 12. d4 Qc7 13. Rhe1 cxd4 14.
Rxd4 Nxe5 15. Qxe5 Qxe5 16. Rxe5 Rfd8 17. Rxd8+ Rxd8 18. Re2 h5 19. h3 Bd6 20.
a4 h4 21. Nb5 Bf4+ 22. Kb1 Rd1+ 23. Ka2 Nd5 24. Nc3 Nb4+ 25. Ka3 Rd4 26. Na2
Re4 27. Nc1 Rxe2 28. Nxe2 Nxc2+ 29. Ka2 Bd6 30. Bc3 Nb4+ 31. Kb1 Nd3 32. Kc2
Nxf2 33. Bd4 Ne4 34. Bxa7 f5 35. Nd4 Kf7 36. Kd3 g5 37. Nf3 Kf6 38. Bd4+ e5 39.
Be3 Be7 40. a5 Ke6 41. Kc4 g4 42. Nd2 Nd6+ 43. Kc5 f4 44. Bg1 Ne4+ 45. Kb6 Nxd2
46. Kxb7 Nxb3 47. a6 Nc5+ 0-1

[Event "SR 1. liga zapad 2015/2016"]
[Site "?"]
[Date "2016.03.19"]
[Round "10.1"]
[White "Hacik, Radomir"]
[Black "Lazo, Juraj"]
[Result "1/2-1/2"]
[WhiteElo "2193"]
[BlackElo "2060"]
[PlyCount "81"]
[EventDate "2015.??.??"]

1. e4 Nf6 2. e5 Nd5 3. d4 d6 4. c4 Nb6 5. exd6 cxd6 6. Nf3 Bg4 7. Be2 Nc6 8.
Nbd2 e6 9. b3 Be7 10. Bb2 O-O 11. O-O d5 12. c5 Nd7 13. Re1 Bf6 14. Ne5 Bxe2
15. Nxc6 Bxd1 16. Nxd8 Rfxd8 17. Raxd1 Nxc5 18. Nf1 Rac8 19. Ne3 Nd7 20. Rc1 h5
21. Kf1 Nb6 22. Ke2 Rxc1 23. Rxc1 Rc8 24. Kd3 Rxc1 25. Bxc1 Be7 26. Bd2 Bd6 27.
h3 g6 28. g4 Kg7 29. Ng2 hxg4 30. hxg4 f5 31. g5 Nd7 32. f4 Kf7 33. a4 a6 34.
Ne1 Ke7 35. Nf3 Kf7 36. Ne1 Nb6 37. Nc2 Na8 38. Ne1 Nc7 39. Ng2 Ne8 40. Ba5 Ng7
41. Ke2 1/2-1/2

[Event "SR 1. liga zapad 2015/2016"]
[Site "?"]
[Date "2016.03.19"]
[Round "10.1"]
[White "Pupak, Tomas"]
[Black "Kubala, Jan"]
[Result "0-1"]
[WhiteElo "2035"]
[BlackElo "2193"]
[PlyCount "116"]
[EventDate "2015.??.??"]

1. d4 Nf6 2. Nf3 g6 3. Nc3 d5 4. Bf4 Bg7 5. e3 O-O 6. Be2 c6 7. Ne5 Nfd7 8. h4
Nxe5 9. dxe5 Nd7 10. e6 fxe6 11. h5 e5 12. Bg5 Nf6 13. hxg6 hxg6 14. Qd2 Be6
15. f3 d4 16. Ne4 Nxe4 17. fxe4 dxe3 18. Qxe3 Qd4 19. Qxd4 exd4 20. Bxe7 Rfe8
21. Bg5 d3 22. cxd3 Bxb2 23. Rb1 Bc3+ 24. Bd2 Bxd2+ 25. Kxd2 b6 26. a3 Rad8 27.
Rh6 Kg7 28. Rbh1 Bg8 29. Kc3 Re5 30. R6h4 Rc5+ 31. Kb2 Rb5+ 32. Kc2 Rd4 33. Ra1
Ra4 34. Rf4 Rb3 35. Bg4 Rbxa3 36. Rxa3 Rxa3 37. Bd7 Ra2+ 38. Kc3 c5 39. g4 Re2
40. Rf1 Ba2 41. Bb5 Rg2 42. Ra1 Kf6 43. Rf1+ Ke5 44. Rf8 Be6 45. Re8 Kf6 46.
g5+ Rxg5 47. Ra8 Rg1 48. Rxa7 Rb1 49. Bc6 g5 50. Rb7 g4 51. Kc2 Rb4 52. Kc3 g3
53. Kc2 Bh3 54. Ra7 g2 55. Ra1 Ke5 56. Rg1 Rd4 57. Kc3 Rd6 58. Bb7 Rf6 0-1

[Event "SR 1. liga zapad 2015/2016"]
[Site "?"]
[Date "2016.03.19"]
[Round "10.1"]
[White "Sukuba, Zdeno"]
[Black "Castiglione, Mario"]
[Result "1-0"]
[WhiteElo "2117"]
[BlackElo "2230"]
[PlyCount "87"]
[EventDate "2015.??.??"]

1. c4 e5 2. Nc3 Nf6 3. g3 c6 4. Bg2 d5 5. cxd5 cxd5 6. Qb3 Nc6 7. d3 d4 8. Nb1
Bd6 9. Nd2 O-O 10. Ngf3 Be6 11. Qd1 Rc8 12. Ng5 Bd5 13. O-O Bxg2 14. Kxg2 Bb8
15. Qb3 Na5 16. Qa4 Nd5 17. Ngf3 a6 18. Nc4 Nxc4 19. dxc4 Nb6 20. Qb3 e4 21.
Nxd4 Nxc4 22. Be3 Na5 23. Qd1 Qf6 24. Rc1 Be5 25. Qa4 b6 26. b4 Rxc1 27. Rxc1
Bxd4 28. bxa5 Bxe3 29. fxe3 Qg5 30. axb6 Qxe3 31. Rc2 Qxb6 32. Qxe4 g6 33. Rc6
Qb5 34. Qc4 Qf5 35. Qd3 Qg4 36. Qc4 Qd7 37. Rxa6 Rc8 38. Qe4 Rc1 39. Ra8+ Kg7
40. Qe5+ f6 41. Qe4 Qc7 42. Re8 Qb6 43. Re7+ Kf8 44. Rxh7 1-0

[Event "SR 1. liga zapad 2015/2016"]
[Site "?"]
[Date "2016.03.19"]
[Round "10.1"]
[White "Kovac, Andrej"]
[Black "Bombek, Peter"]
[Result "1/2-1/2"]
[WhiteElo "2180"]
[BlackElo "2204"]
[PlyCount "23"]
[EventDate "2015.??.??"]

1. b3 d5 2. Bb2 Nf6 3. e3 Bf5 4. Nf3 e6 5. Be2 h6 6. d3 c5 7. O-O Nc6 8. Nbd2
Be7 9. a3 O-O 10. c4 Qd6 11. Rc1 Rfd8 12. cxd5 1/2-1/2

[Event "SR 1. liga zapad 2015/2016"]
[Site "?"]
[Date "2016.03.19"]
[Round "10.1"]
[White "Kutny, Marian Ml"]
[Black "Valent, Ivan"]
[Result "0-1"]
[WhiteElo "1941"]
[BlackElo "2211"]
[PlyCount "98"]
[EventDate "2015.??.??"]

1. d4 Nf6 2. c4 d6 3. Nc3 e5 4. dxe5 dxe5 5. Qxd8+ Kxd8 6. Nf3 Nfd7 7. e4 f6 8.
Be3 c6 9. a3 Kc7 10. Be2 a5 11. O-O Na6 12. Rfd1 Nb6 13. Bxb6+ Kxb6 14. Rd8 Rb8
15. Rad1 Be6 16. Rxb8 Nxb8 17. Kf1 Nd7 18. Ne1 Kc7 19. Nc2 Nb6 20. b3 Be7 21.
h4 a4 22. Nxa4 Nxa4 23. bxa4 Ra8 24. Ne3 Rxa4 25. Rd3 Rxa3 26. Rxa3 Bxa3 27.
Ke1 Bb4+ 28. Kd1 Bc5 29. Kd2 Bxe3+ 30. Kxe3 Kd6 31. Kd3 Kc5 32. Kc3 b6 33. g3
Bf7 34. Bd3 h6 35. f4 g5 36. hxg5 hxg5 37. fxg5 fxg5 38. Be2 Be6 39. Bf1 b5 40.
cxb5 cxb5 41. Kd2 Bc4 42. Bh3 Kd4 43. Bf5 Bd3 44. Bd7 b4 45. Be8 Bxe4 46. Bf7
Bd3 47. Bb3 e4 48. Bd1 e3+ 49. Ke1 Kc3 0-1

[Event "SR 1. liga zapad 2015/2016"]
[Site "?"]
[Date "2016.03.19"]
[Round "10.2"]
[White "Zetocha, Claudiu"]
[Black "Motuz, Karol"]
[Result "0-1"]
[WhiteElo "2331"]
[BlackElo "2285"]
[PlyCount "98"]
[EventDate "2015.??.??"]

1. Nf3 d5 2. c4 c6 3. d4 Nf6 4. Nc3 e6 5. cxd5 exd5 6. Bg5 Bf5 7. Qb3 Qb6 8.
Bxf6 gxf6 9. g3 Na6 10. Rc1 Nb4 11. Qd1 Qa5 12. Qd2 Nxa2 13. Ra1 Nxc3 14. Rxa5
Ne4 15. Qe3 Bb4+ 16. Kd1 Bxa5 17. Bg2 O-O-O 18. Nh4 Be6 19. f3 Nd6 20. b3 Bb6
21. Qd3 Kb8 22. e3 c5 23. dxc5 Bxc5 24. Ke2 Rhe8 25. Kf2 Bd7 26. Re1 Bb5 27.
Qc3 Rc8 28. Qd2 a5 29. Qxa5 d4 30. Bh3 dxe3+ 31. Kg2 Rc6 32. Nf5 Bb6 33. Qb4
Rc2+ 34. Kh1 Bc5 35. Qf4 Re5 36. Nxd6 Bxd6 37. Qxf6 Bc7 38. Bf5 Rf2 39. Qh8+
Re8 40. Qd4 Rxf3 41. Bd7 Rd8 42. Ra1 Rxd7 43. Qa7+ Kc8 44. Rc1 Rd6 45. Qa8+ Kd7
46. Qg8 Rg6 47. Qxh7 Bc6 48. Qh3+ Re6 49. Kg1 e2 0-1